Normal view
MARC view
- ELECTRICAL MACHINES.ELECTRICAL DRIVES.ELECTRICAL POWER SYSTEMS
Entry Topical Term
001 - CONTROL NUMBER
- control field: 60646
003 - CONTROL NUMBER IDENTIFIER
- control field: NUST
005 - DATE AND TIME OF LATEST TRANSACTION
- control field: 20210628202607.0
008 - FIXED-LENGTH DATA ELEMENTS
- fixed length control field: 210628|| aca||aabn | a|a d
040 ## - CATALOGING SOURCE
- Original cataloging agency: NUST
- Transcribing agency: NUST
150 ## - HEADING--TOPICAL TERM
- Topical term or geographic name entry element: ELECTRICAL MACHINES.ELECTRICAL DRIVES.ELECTRICAL POWER SYSTEMS
670 ## - SOURCE DATA FOUND
- Source citation: Work cat.: (NUST): Wildi, Theodore 18392, Electrical machines, drives, and power systems, 2004
